Eight little ponies

Bibliographic Details
Main Author: Tripathi, Namrata
Corporate Author: Title
Format: Book
Published: London : Simon and Schuster , 2004
Series:My little Pony
Subjects:

MARC

LEADER 00000cam a2200000 7i4500
001 0000006252
005 20220105104020.0
008 070815
020 |a 0743489780 
090 0 0 |a JP   |b EL ENG (4964) 
100 1 |a Tripathi, Namrata 
245 1 0 |a Eight little ponies   |c Namrata Tripathi 
260 |a London :   |b Simon and Schuster ,   |c 2004 
440 |a My little Pony 
500 |a Children age 4-6 years old (yellow) 
650 0 |a Early learning 
650 0 |a Junior preschool   |x English   |x Languages 
710 0 |a Title 
999 |a 0000983235   |b Book   |c Children Collection   |e Perbadanan Perpustakaan Awam Johor 
999 |a 0000983236   |b Book   |c Children Collection   |e Perbadanan Perpustakaan Awam Johor 
999 |a 0000983237   |b Book   |c Children Collection   |e Perbadanan Perpustakaan Awam Johor